[Event "Stay Safe Play From Home 143"]
[Site "T#645979Emanuel Laske"]
[Date "2020.05.12"]
[Round "2"]
[White "Nagaram"]
[Black "Weltszmerc"]
[Result "0-1"]
[WhiteElo "1509"]
[BlackElo "2096"]
[Annotator "TA"]
[PlyCount "70"]
[EventDate "2020.05.12"]
[EventType "swiss (blitz)"]

{[%evp 9,69,33,37,33,67,52,58,8,17,4,27,23,35,-4,8,0,0,-11,-4,-58,-43,-88,-77,-247,-262,-261,-210,-410,-362,-696,-697,-706,-602,-594,-580,-667,-582,-666,-661,-714,-677,-794,-768,-1121,-1100,-1442,-1440,-1340,-808,-803,-790,-906,-904,-906,-906,-933,-886,-965,-949,-1146,-951,-29999]} 1. e4 Nf6 2. e5 Nd5 3. d4 Nb6 4. Nc3 d6 5. exd6 cxd6 6. Nf3 {B02: Alekhine's Defence: Chase Variation and lines with early Nc3.} Bg4 {[#]} 7. Bb5+ $146 ({Predecessor:} 7. h3 Bxf3 8. Qxf3 d5 9. Bd3 Nc6 10. Ne2 g6 11. c3 Bg7 12. Qg3 O-O 13. O-O {0-1 (76) Cuenca Jimenez,J (2460)-Fier,A (2644) Montcada 2009}) 7... N8d7 8. Be2 {White is slightly better.} (8. a4 {keeps more tension.} a6 9. Bd3 e6 10. a5 Nc8 11. h3) 8... e6 9. O-O Be7 10. h3 Bh5 11. Be3 d5 12. Nd2 Bxe2 13. Qxe2 O-O 14. Nb3 ({White should try} 14. Rfc1 $11) 14... Rc8 15. Rad1 Nc4 16. Rfe1 $2 (16. Bc1 $17 {keeps fighting.}) 16... Nxb2 $19 17. Rb1 Nc4 {Threatens to win with ...Bb4.} 18. Qf3 $2 (18. Nd1 {is a better defense.}) 18... Na3 {[%mdl 64] [#] Double Attack, Discovered Attack} 19. Rbd1 $2 (19. Bd2) 19... Rxc3 20. Rd3 Rxd3 21. cxd3 Nc2 22. Re2 Nxe3 23. Rxe3 Bf6 24. Qg4 a5 {[%cal Ba7a5,Ba5a4][%mdl 32]} 25. Rg3 a4 26. Nd2 Qb6 27. Nf3 Qb1+ 28. Kh2 Qxd3 29. Ne5 Qb5 30. Nxd7 Qxd7 31. Qf4 Qe7 32. Qg4 Kh8 33. h4 Qb4 34. Kh3 Qxd4 35. Qf3 Qxh4# {Black took control after the opening. Accuracy: White = 24%, Black = 80%.} 0-1

[Event "Stay Safe Play From Home 143"]
[Site "T#645979Emanuel Laske"]
[Date "2020.05.12"]
[Round "2"]
[White "UHU4"]
[Black "Ironmike"]
[Result "1-0"]
[WhiteElo "1493"]
[BlackElo "1934"]
[Annotator "TA"]
[PlyCount "63"]
[EventDate "2020.05.12"]
[EventType "swiss (blitz)"]

{[%evp 9,63,38,104,63,84,-40,47,-250,-11,-53,-22,-22,78,-47,0,-51,8,-48,-7,-45,4,-31,281,300,300,288,383,375,366,323,415,367,422,364,415,13,625,171,164,159,916,409,452,-285,342,0,131,145,29995,29993,29995,29996,29996,29997,29997,29998]} 1. e4 b6 2. d4 Bb7 3. Nc3 f5 4. Bd3 e6 5. f3 {[#]} Nf6 $146 (5... Nc6 $14) ({Predecessor:} 5... fxe4 6. fxe4 Bb4 7. Nf3 Nf6 8. Bg5 h6 9. Bxf6 Qxf6 10. O-O O-O 11. Ne5 Qg5 12. Rxf8+ Bxf8 {0-1 (85) Cruz,J (1800)-Deus Filho,J (2068) Rio de Janeiro 2012}) 6. Bg5 {B00: Queen's Fianchetto Defence, Nimzowitsch Defence.} Be7 7. Nge2 (7. exf5 $16 exf5 8. Nge2 (8. Bxf5 O-O $11)) 7... fxe4 (7... Nxe4 $1 $15 8. Bxe7 (8. Bxe4 fxe4 9. Bxe7 Qxe7 $11) 8... Nxc3) 8. Bxf6 $2 {[%mdl 8192]} (8. Nxe4 Nxe4 9. Bxe4 Bxe4 $15) (8. fxe4 $14 O-O 9. O-O) 8... Bxf6 $2 (8... exd3 $19 9. Bxg7 Rg8 10. Qxd3 Rxg7) 9. fxe4 O-O {Threatens to win with ...Nc6.} 10. O-O d6 {[#]} (10... Nc6 $11 {keeps the balance.} 11. Bb5 Bg5) 11. Qd2 (11. Bc4 $1 $16) 11... Nd7 12. Rae1 (12. Qe3 $11) 12... Qe8 (12... Bg5 $15 13. Rxf8+ Nxf8) 13. Nd1 ({White should play} 13. Qe3 $11) 13... Qh5 14. c3 c5 15. Ng3 (15. Bc4 $5 {[%cal Rc4e6]} Rae8 16. Qd3 $11) 15... Qf7 $2 {[%mdl 8192] [#]} (15... Qg5 $15 {stays ahead.} 16. Qxg5 Bxg5) 16. e5 $1 $18 {[%mdl 512]} dxe5 17. dxe5 Rad8 18. exf6 Nxf6 19. Qc2 h6 20. Ne3 Qc7 21. Kh1 a6 22. Nef5 $2 (22. Nc4 $18) 22... b5 $2 {[%mdl 8192]} (22... exf5 $11 23. Nxf5 Kh8) 23. Nxg7 $2 (23. Rxe6 Kh8 24. Ne7) 23... Qxg7 24. Rxe6 Ng4 $2 (24... c4 $16 25. Be2 Kh8) 25. Nf5 (25. Rg6 $142) 25... Qg5 {...Rxd3! is the strong threat.} 26. Nxh6+ $4 {[%mdl 8192]} (26. Ne7+ $18 Kg7 27. Rg6+ Qxg6 28. Nxg6 Rxf1+ 29. Bxf1) 26... Kg7 $4 {[%mdl 8192]} (26... Nxh6 $19 {and life is good for Black.} 27. Rxf8+ (27. Rg6+ $2 Qxg6 28. Bc4+ Kh7 $19) 27... Kxf8 28. Qf2+ Kg7) 27. Nf5+ $2 (27. Nxg4 $18 Bc8 28. Re5 Qxg4 29. Re7+ Kh8 30. Rxf8+ Rxf8 31. Qd2) 27... Rxf5 (27... Kh8 $11 28. Kg1 Bc8) 28. Bxf5 $16 (28. Rxf5 $2 {loses.} Qh4 $19) 28... Qxf5 $4 {[%mdl 8192]} (28... Ne3 $16 29. Rxe3 Qxe3) 29. Rxf5 {White mates.} Nf2+ 30. Rxf2 Rd1+ 31. Qxd1 Bxg2+ 32. Rxg2+ {Accuracy: White = 23%, Black =  6%.} 1-0

[Event "Stay Safe Play From Home 143"]
[Site "T#645979Emanuel Laske"]
[Date "2020.05.12"]
[Round "2"]
[White "MARIO1962"]
[Black "Tunca"]
[Result "0-1"]
[WhiteElo "1444"]
[BlackElo "1789"]
[Annotator "NA RC"]
[PlyCount "84"]
[EventDate "2020.05.12"]
[EventType "swiss (blitz)"]

1. c4 {[%emt 0:00:01]} d6 {[%emt 0:00:01]} 2. d4 {[%emt 0:00:01]} g6 {[%emt 0:00:13]} 3. Nc3 {[%emt 0:00:01]} Bg7 {[%emt 0:00:00]} 4. e3 {[%emt 0:00:01]} Nf6 {[%emt 0:00:01]} 5. Nf3 {[%emt 0:00:01]} Nbd7 {[%emt 0:00:00]} 6. h3 {[%emt 0:00:01]} O-O {[%emt 0:00:00]} 7. Bd3 {[%emt 0:00:01]} Re8 {[%emt 0:00:00]} 8. Ne4 {[%emt 0:00:01]} e5 {[%emt 0:00:01]} 9. Nxf6+ {[%emt 0:00:01]} Nxf6 {[%emt 0:00:00]} 10. dxe5 {[%emt 0:00:01]} dxe5 {[%emt 0:00:01]} 11. Be2 {[%emt 0:00:01]} Bd7 {[%emt 0:00:02]} 12. O-O {[%emt 0:00:02]} Bc6 {[%emt 0:00:01]} 13. Re1 {[%emt 0:00:03]} Ne4 {[%emt 0:00:01]} 14. Qxd8 {[%emt 0:00:01]} Raxd8 {[%emt 0:00:02]} 15. Nd2 {[%emt 0:00:01]} Nc5 {[%emt 0:00:02]} 16. Nb3 {[%emt 0:00:03]} Na4 {[%emt 0:00:02]} 17. Rb1 {[%emt 0:00:03]} Be4 {[%emt 0:00:03]} 18. Ra1 {[%emt 0:00:03]} Bf8 {[%emt 0:00:03]} 19. Nd2 {[%emt 0:00:03]} Bf5 {[%emt 0:00:02]} 20. f3 {[%emt 0:00:03]} Be6 {[%emt 0:00:05]} 21. e4 {[%emt 0:00:02]} Nc5 {[%emt 0:00:01]} 22. b4 {[%emt 0:00:02]} Nd3 {[%emt 0:00:01]} 23. Bxd3 {[%emt 0:00:01]} Rxd3 {[%emt 0:00:00]} 24. Rd1 {[%emt 0:00:01]} Bxb4 {[%emt 0:00:01]} 25. Kf1 {[%emt 0:00:01]} Red8 {[%emt 0:00:00]} 26. Ke1 {[%emt 0:00:01]} Bxc4 {[%emt 0:00:02]} 27. a3 {[%emt 0:00:03]} Ba5 {[%emt 0:00:01]} 28. Ra2 {[%emt 0:00:03]} Bxa2 {[%emt 0:00:01]} 29. Ke2 {[%emt 0:00:02]} Bb3 {[%emt 0:00:01]} 30. Re1 {[%emt 0:00:02]} Bxd2 {[%emt 0:00:03]} 31. Bxd2 {[%emt 0:00:03]} Rxd2+ {[%emt 0:00:00]} 32. Kf1 {[%emt 0:00:01]} R8d3 {[%emt 0:00:00]} 33. Re2 {[%emt 0:00:01]} Bc4 {[%emt 0:00:00]} 34. Rxd2 {[%emt 0:00:01]} Rxd2+ {[%emt 0:00:00]} 35. Kg1 {[%emt 0:00:02]} Ra2 {[%emt 0:00:01]} 36. Kh2 {[%emt 0:00:00]} Rxa3 {[%emt 0:00:00]} 37. Kg3 {[%emt 0:00:00]} Ra2 {[%emt 0:00:00]} 38. f4 {[%emt 0:00:00]} Bb5 {[%emt 0:00:00]} 39. fxe5 {[%emt 0:00:00]} Bd7 {[%emt 0:00:00]} 40. Kf4 {[%emt 0:00:00]} Be6 {[%emt 0:00:00]} 41. g4 {[%emt 0:00:01]} Ra4 {[%emt 0:00:00]} 42. g5 {[%emt 0:00:00]} Ra3 {[%emt 0:00:00] Zeit (Lag: Av=0.33s, max=0.8s)} 0-1

[Event "Stay Safe Play From Home 143"]
[Site "T#645979Emanuel Laske"]
[Date "2020.05.12"]
[Round "2"]
[White "Tobo Rubirosa"]
[Black "Haxhi Baha"]
[Result "0-1"]
[WhiteElo "1398"]
[BlackElo "2002"]
[Annotator "RC"]
[PlyCount "52"]
[EventDate "2020.05.12"]
[EventType "swiss (blitz)"]

1. e4 {[%emt 0:00:02]} e6 {[%emt 0:00:01]} 2. d4 {[%emt 0:00:02]} d5 {[%emt 0:00:00]} 3. Nd2 {[%emt 0:00:01]} Nf6 {[%emt 0:00:02]} 4. e5 {[%emt 0:00:01]} Nfd7 {[%emt 0:00:00]} 5. Bd3 {[%emt 0:00:00]} c5 {[%emt 0:00:00]} 6. c3 {[%emt 0:00:01]} Nc6 {[%emt 0:00:00]} 7. Ne2 {[%emt 0:00:01]} cxd4 {[%emt 0:00:01]} 8. cxd4 {[%emt 0:00:02]} f6 {[%emt 0:00:00]} 9. exf6 {[%emt 0:00:02]} Qxf6 {[%emt 0:00:00]} 10. Nf3 {[%emt 0:00:01]} Bd6 {[%emt 0:00:01]} 11. O-O {[%emt 0:00:01]} O-O {[%emt 0:00:01]} 12. Bg5 {[%emt 0:00:02]} Qf7 {[%emt 0:00:01]} 13. a3 {[%emt 0:00:05]} e5 {[%emt 0:00:03]} 14. dxe5 {[%emt 0:00:02]} Ndxe5 {[%emt 0:00:00]} 15. Nxe5 {[%emt 0:00:01]} Nxe5 {[%emt 0:00:00]} 16. Bb1 {[%emt 0:00:02]} Be6 {[%emt 0:00:03]} 17. Qc2 {[%emt 0:00:02]} Ng6 {[%emt 0:00:04]} 18. Qd3 {[%emt 0:00:04]} Rac8 {[%emt 0:00:06]} 19. Ng3 {[%emt 0:00:03]} Rc4 {[%emt 0:00:02]} 20. Qe3 {[%emt 0:00:06]} Bc5 {[%emt 0:00:04]} 21. Bxg6 {[%emt 0:00:02]} hxg6 {[%emt 0:00:03]} 22. Qe2 {[%emt 0:00:01]} Rg4 {[%emt 0:00:03]} 23. Be3 {[%emt 0:00:03]} d4 {[%emt 0:00:01]} 24. Bd2 {[%emt 0:00:03]} d3 {[%emt 0:00:01]} 25. Qe5 {[%emt 0:00:02]} Bd4 {[%emt 0:00:03]} 26. Qxd4 {[%emt 0:00:02]} Rxd4 {[%emt 0:00:02] Tiempo (Lag: Av=1.05s, max=1.5s) .} 0-1

[Event "Stay Safe Play From Home 143"]
[Site "T#645979Emanuel Laske"]
[Date "2020.05.12"]
[Round "3"]
[White "Onlyforchess"]
[Black "Chessencounter"]
[Result "1-0"]
[WhiteElo "2563"]
[BlackElo "2148"]
[Annotator "TA"]
[PlyCount "23"]
[EventDate "2020.05.12"]
[EventType "swiss (blitz)"]

{[%evp 14,22,0,-43,-2,-2,19,0,0,0,29999]} 1. e4 e5 2. d4 exd4 3. Nf3 Nc6 4. Bc4 Nf6 5. O-O Be7 6. e5 Ne4 7. Bd5 Nc5 8. Nxd4 Nxd4 {C56: Two Knights: 4 d4 exd4 5 0-0 Nxe4.} 9. Qxd4 Ne6 10. Qg4 {And now Bxe6 would win.} O-O $1 11. Bh6 {[#] Threatens to win with Bxe6.} f5 $146 {[%mdl 8192] [#]} (11... Ng5 $11) ({Predecessor:} 11... Kh8 12. Bxe6 gxh6 13. Bf5 d5 14. exd6 Bxd6 15. Nc3 Bxf5 16. Qxf5 Rg8 17. Qxf7 Qh4 {0-1 (28) Gayson,P (2258)-Fier,L ICC INT 2009}) 12. Qxg7# {Black did not feel at home in the position after the opening.} 1-0

[Event "Stay Safe Play From Home 143"]
[Site "T#645979Emanuel Laske"]
[Date "2020.05.12"]
[Round "3"]
[White "Eidgenosse"]
[Black "Fischer_11"]
[Result "1-0"]
[WhiteElo "2403"]
[BlackElo "2029"]
[Annotator "TA"]
[PlyCount "99"]
[EventDate "2020.05.12"]
[EventType "swiss (blitz)"]

{[%evp 11,99,18,33,26,29,22,38,27,49,44,52,37,75,45,48,35,65,35,45,29,62,57,53,27,41,39,117,64,82,94,96,-109,183,187,192,189,224,235,221,156,177,158,245,260,473,471,465,447,502,495,485,436,533,419,445,440,792,777,755,788,532,490,12820,1512,29975,29977,12797,446,29991,29978,29978,219,12841,12842,12841,12842,12842,12842,12841,12834,12829,11729,1895,685,12816,1893,29987,29988,29988,29987]} 1. Nf3 Nf6 2. e3 g6 3. c4 Bg7 4. Nc3 O-O 5. Be2 d6 6. O-O e5 7. d4 {A10: English Opening: Unusual Replies for Black.} e4 8. Nd2 Re8 9. b4 {[%cal Bb2b4,Bb4b5][%mdl 32] White is slightly better.} c6 10. a4 {[#]} h5 $146 ({Predecessor:} 10... d5 11. a5 Nbd7 12. Qb3 Nf8 13. b5 Be6 14. c5 Rb8 15. Qa4 Bd7 16. Nb3 Qc8 {1-0 (40) Wegerer,F (2218)-Gallob,A (1850) Latschach 2013}) 11. b5 Bg4 12. h3 Bxe2 13. Nxe2 d5 14. Bb2 Nbd7 15. a5 dxc4 16. Nxc4 cxb5 17. Nd6 $1 {[%csl LRb5,LRb7,LRe8][%mdl 64] Double Attack} Re6 18. Nxb5 a6 (18... Nd5 $14) 19. Nbc3 (19. d5 $1 $16 {[%cal Rd5e6]} Re8 20. Nd6 {[%mdl 64] Double Attack}) 19... Rc8 20. Nf4 Rec6 21. Na4 $2 (21. Qb3 $1 $16 {stays on course.}) 21... Nf8 $2 {[%mdl 8192] This costs Black the game.} (21... Qxa5 $17 {keeps the pressure on.} 22. d5 Rc4 23. Bxf6 Bxf6) 22. Nb6 $36 {[%mdl 2048] White is in control.} R8c7 23. d5 Rc5 24. Be5 Re7 25. Bd4 Rb5 26. Rb1 Rxb1 (26... N8d7 $16 {might work better.} 27. d6 Re8) 27. Qxb1 g5 $2 (27... Ne8 {was worth a try.} 28. Bc5 Rc7) 28. Bxf6 Bxf6 29. Nxh5 Bg7 30. Nxg7 Kxg7 31. Qb2+ f6 32. Rd1 Nd7 {Black hopes to continue with ...Nxb6.} 33. d6 Re6 (33... Nxb6 $142 34. axb6 Rd7) 34. Qd4 Nxb6 35. axb6 {[%mdl 4096] Endgame KQR-KQR} ({Less strong is} 35. Qxb6 Qxb6 36. axb6 Re8 $18) 35... Qd7 36. Qd5 Kg6 {[#]} (36... Re5 $142) 37. g4 (37. Qxe6 $142 $1 {[%mdl 512]} Qxe6 38. d7 Qxb6 39. d8=Q Qxd8 40. Rxd8) 37... Re5 38. Qg8+ Kh6 39. Kg2 (39. Qh8+ $142 Kg6 40. Rc1) 39... Re6 (39... Re8 $18 40. Qb3 Kg7) 40. Qh8+ Kg6 41. Qh5+ (41. Rc1 $142 Rxd6 42. Rc7 Kf7 {[#]} 43. Qc8 $1 {[%mdl 576] Pin} Ke7 44. Qxb7 {[%mdl 64] Double Attack} a5 45. Qxe4+ Kd8 46. Qa8+ Ke7 47. Rxd7+ Kxd7 48. Qa7+ Ke6 49. b7) 41... Kg7 42. Rc1 Rxd6 43. Rc7 Qxc7 44. bxc7 {KQ-KR} Rc6 45. Qe8 Rxc7 46. Qd8 Rf7 47. Qb8 Kg6 {[#]} 48. h4 $1 f5 (48... gxh4 49. Qg8+) 49. h5+ Kg7 50. Qe5+ {Accuracy: White = 65%, Black = 41%.} 1-0

[Event "Stay Safe Play From Home 143"]
[Site "T#645979Emanuel Laske"]
[Date "2020.05.12"]
[Round "3"]
[White "Mepe_Nika"]
[Black "Weltszmerc"]
[Result "1-0"]
[WhiteElo "2305"]
[BlackElo "2097"]
[Annotator "RC"]
[PlyCount "81"]
[EventDate "2020.05.12"]
[EventType "swiss (blitz)"]

1. c4 {[%emt 0:00:01]} Nf6 {[%emt 0:00:00]} 2. g3 {[%emt 0:00:01]} b6 {[%emt 0:00:00]} 3. Bg2 {[%emt 0:00:01]} d5 {[%emt 0:00:01]} 4. cxd5 {[%emt 0:00:01]} Nxd5 {[%emt 0:00:00]} 5. Nc3 {[%emt 0:00:01]} Bb7 {[%emt 0:00:00]} 6. e4 {[%emt 0:00:01]} Nxc3 {[%emt 0:00:01]} 7. bxc3 {[%emt 0:00:00]} e5 {[%emt 0:00:01]} 8. Ne2 {[%emt 0:00:02]} c5 {[%emt 0:00:01]} 9. O-O {[%emt 0:00:02]} Nc6 {[%emt 0:00:02]} 10. d3 {[%emt 0:00:02]} Be7 {[%emt 0:00:01]} 11. f4 {[%emt 0:00:01]} exf4 {[%emt 0:00:02]} 12. Bxf4 {[%emt 0:00:01]} O-O {[%emt 0:00:01]} 13. d4 {[%emt 0:00:01]} cxd4 {[%emt 0:00:01]} 14. cxd4 {[%emt 0:00:00]} Rc8 {[%emt 0:00:02]} 15. d5 {[%emt 0:00:01]} Bc5+ {[%emt 0:00:02]} 16. Kh1 {[%emt 0:00:01]} Nb4 {[%emt 0:00:01]} 17. a3 {[%emt 0:00:02]} Na6 {[%emt 0:00:01]} 18. Nd4 {[%emt 0:00:01]} Re8 {[%emt 0:00:02]} 19. Nf5 {[%emt 0:00:01]} Qf6 {[%emt 0:00:04]} 20. Qg4 {[%emt 0:00:01]} Rcd8 {[%emt 0:00:06]} 21. Bg5 {[%emt 0:00:01]} Qg6 {[%emt 0:00:01]} 22. Nh4 {[%emt 0:00:03]} h5 {[%emt 0:00:03]} 23. Nxg6 {[%emt 0:00:03]} hxg4 {[%emt 0:00:01]} 24. Bxd8 {[%emt 0:00:01]} fxg6 {[%emt 0:00:01]} 25. Bg5 {[%emt 0:00:01]} Bd4 {[%emt 0:00:02]} 26. Rad1 {[%emt 0:00:01]} Be5 {[%emt 0:00:01]} 27. Bf4 {[%emt 0:00:00]} Nc5 {[%emt 0:00:02]} 28. Bxe5 {[%emt 0:00:02]} Rxe5 {[%emt 0:00:00]} 29. d6 {[%emt 0:00:01]} Bxe4 {[%emt 0:00:04]} 30. d7 {[%emt 0:00:02]} Bxg2+ {[%emt 0:00:02]} 31. Kxg2 {[%emt 0:00:00]} Nxd7 {[%emt 0:00:03]} 32. Rxd7 {[%emt 0:00:01]} Re2+ {[%emt 0:00:01]} 33. Rf2 {[%emt 0:00:00]} Re3 {[%emt 0:00:01]} 34. Rff7 {[%emt 0:00:01]} Re2+ {[%emt 0:00:01]} 35. Kf1 {[%emt 0:00:01]} Rxh2 {[%emt 0:00:01]} 36. Rxg7+ {[%emt 0:00:00]} Kh8 {[%emt 0:00:00]} 37. Rxa7 {[%emt 0:00:01]} g5 {[%emt 0:00:02]} 38. Rgb7 {[%emt 0:00:01]} Rh1+ {[%emt 0:00:01]} 39. Kg2 {[%emt 0:00:01]} Rh2+ {[%emt 0:00:02]} 40. Kxh2 {[%emt 0:00:01]} b5 {[%emt 0:00:00]} 41. Rb8# {[%emt 0:00:00] (Lag: Av=0.74s, max=1.0s)} 1-0

[Event "Stay Safe Play From Home 143"]
[Site "T#645979Emanuel Laske"]
[Date "2020.05.12"]
[Round "3"]
[White "Little champs"]
[Black "SoulofWolf"]
[Result "1-0"]
[WhiteElo "2178"]
[BlackElo "2137"]
[Annotator "TA"]
[PlyCount "125"]
[EventDate "2020.05.12"]
[EventType "swiss (blitz)"]

{[%evp 9,124,6,38,35,160,154,162,145,163,117,144,137,154,148,189,189,223,229,290,262,251,228,350,256,253,230,288,295,289,272,279,259,587,587,648,638,784,781,782,768,810,794,916,922,1142,1147,1150,1083,1212,1206,1389,1045,1034,1015,1172,1156,1206,1199,1428,1193,9957,6625,29974,29972,29972,29973,29973,29974,29974,29973,29973,29969,29980,29981,29980,29980,29986,29987,29987,29988,29988,29989,29989,29990,29990,29991,29991,29992,29992,29992,29992,29991,29992,29992,29992,29992,29993,29993,29994,29995,29995,29996,29996,29997,29997,29996,29996,29997,29997,29997,29997,29997,29997,29998,29998,29999,29999]} 1. d4 e6 2. e3 d5 3. Nf3 Nd7 4. Be2 Bd6 5. O-O {[#]} Ne7 $146 ({Predecessor:} 5... f5 6. b3 Qe7 7. c4 c6 8. Bb2 Ngf6 9. Qc1 O-O 10. Ba3 Ne4 11. Bxd6 Qxd6 {1-0 (25) Sandten,U (2074)-Stock,J (1877) Frankfurt 2018}) 6. c4 {aiming for c5. D02: 1 d4 d5 2 Nf3 sidelines, including 2...Nf6 3 g3 and 2...Nf6 3 Bf4.} O-O ({Better is} 6... b6 $14) 7. c5 $16 Nxc5 8. dxc5 {White is clearly better.} Bxc5 9. b3 Bd6 10. Bb2 f6 11. Nc3 a6 12. e4 dxe4 13. Nxe4 Bf4 14. Qxd8 Rxd8 15. Rad1 Re8 (15... Nd5 $142 16. g3 Bh6) 16. Bc1 Bxc1 17. Rxc1 Nc6 18. Rfd1 e5 19. Bc4+ Kf8 20. Nc5 b6 $2 {[#]} (20... Ra7 21. Be2 Rd8) 21. Bd5 $18 bxc5 22. Bxc6 Bg4 23. Bxa8 Rxa8 24. Rxc5 Ra7 25. Rdc1 e4 26. Nd4 a5 27. Rxc7 Ra6 28. R1c6 Ra8 29. h3 Bh5 30. Rc8+ Rxc8 31. Rxc8+ Kf7 32. Rc7+ Kf8 33. g4 Be8 34. Ra7 a4 35. bxa4 g6 36. Ra8 {White mates.} Ke7 37. Rxe8+ Kxe8 {[%mdl 4096] Endgame KN-KP} 38. a5 Kd7 39. Nb5 Kc6 40. a6 Kb6 41. a7 Kb7 42. Kg2 f5 43. gxf5 gxf5 {KN-K3P} 44. Kg3 Ka8 45. Kf4 Kb7 46. Kxf5 e3 47. fxe3 {KN-KP} Ka8 48. e4 h6 49. Kg6 h5 50. Kxh5 Kb7 51. Kg6 Kb6 52. h4 Kb7 53. h5 Ka8 54. h6 Kb7 55. h7 Kb6 56. h8=Q Kxb5 57. Qb8+ Kc4 58. a8=Q Kd3 59. e5 Ke3 60. e6 Kf2 61. Qb2+ Kg3 62. Qaa3+ Kh4 63. Qd4# {White took control after the opening. Accuracy: White = 71%, Black = 21%.} 1-0

[Event "Stay Safe Play From Home 143"]
[Site "T#645979Emanuel Laske"]
[Date "2020.05.12"]
[Round "3"]
[White "Lazieri3"]
[Black "UHU4"]
[Result "1-0"]
[WhiteElo "2080"]
[BlackElo "1525"]
[Annotator "TA"]
[PlyCount "75"]
[EventDate "2020.05.12"]
[EventType "swiss (blitz)"]

{[%evp 9,75,-13,0,0,8,5,24,-8,0,-10,-8,-16,279,-16,-18,-22,0,-7,19,0,43,-3,130,49,104,-58,14,-27,-28,-85,-83,-80,-85,-94,0,0,0,-19,-13,-22,0,-24,0,-94,-35,-232,-178,-214,-188,-174,0,0,0,0,0,0,0,0,0,0,0,0,0,0,0,0,0,0]} 1. e4 d5 2. Nc3 d4 3. Nce2 e5 4. d3 Nf6 5. f4 Bd6 6. fxe5 {A00: Irregular Openings.} Bxe5 7. Nf3 Nc6 8. g3 {[#] White has an edge.} O-O $146 ({Predecessor:} 8... Bg4 9. Nxe5 Nxe5 10. Bg2 Bf3 11. O-O Bxg2 12. Kxg2 Qd7 13. Bg5 Neg4 14. Qd2 h6 15. Bxf6 {½-½ (49) Thielemann,J (1796)-Schaefer,W (1512) Templin 2004}) 9. Nxe5 Nxe5 10. h3 Nf3+ 11. Kf2 Ne5 12. Bg2 c6 13. Rf1 Be6 14. Kg1 Qd7 15. Kh2 h6 {[#]} (15... Qd6 $11 {remains equal.}) 16. Bf4 ({White should play} 16. Rxf6 $1 $16 {[%mdl 512] Black must now prevent Rf1.} gxf6 17. Qf1) 16... Ng6 (16... Qd6 $14) 17. e5 $2 (17. Bxh6 $16 {Strongly threatening Rxf6.} Ng4+ 18. hxg4 gxh6 19. Bh3) 17... Nxf4 (17... Nd5 $15 18. Bd2 Nc7) 18. Nxf4 (18. gxf4 $5 {[%cal Re5f6]} Nd5 19. Bxd5 Qxd5 20. Ng3 $11) 18... Nd5 $36 {[%mdl 2048] Black has some pressure.} 19. Nxe6 (19. Bxd5 $11 Bxd5 20. c4 dxc3 21. bxc3) 19... fxe6 20. Bxd5 Qxd5 21. Qe2 Rf5 (21... Rxf1 $1 $17 22. Rxf1 Qxa2) 22. Rxf5 $11 exf5 {[%mdl 4096] Endgame KQR-KQR} 23. e6 Re8 24. Re1 $1 g6 25. h4 Kg7 26. h5 {[#]} (26. g4 $11) 26... g5 (26... Kf6 $1 $17 {[%cal Rd5e6]} 27. e7 Qd6 28. hxg6 Qxe7 29. Qxe7+ Rxe7) 27. b3 $2 {[#]} (27. g4 $15) 27... Kf6 $1 $19 {[%cal Rd5e6]} 28. e7 Qd6 {[%cal Rd6e7]} 29. Qf2 Rxe7 $2 (29... c5 $19 30. b4 (30. Rf1 Qd7 $17) 30... cxb4) 30. Rxe7 $11 {The position is equal.} Qxe7 31. Qxd4+ $19 {[%mdl 64] Double Attack. KQ-KQ} Qe5 32. Qd8+ Qe7 33. Qh8+ Ke6 34. Qxh6+ Kd7 35. Qg6 Qe2+ {[%mdl 64] Double Attack} 36. Kh1 (36. Kg1 $5 {[%cal Rg6f5]} Qd1+ 37. Kf2 Qd2+ 38. Kf1 Qd1+ 39. Kg2 Qxc2+ 40. Kh3 Qxd3 41. Qxg5 $11) 36... Qf3+ 37. Kg1 Qd1+ 38. Kf2 {[%mdl 32768] Accuracy: White = 68%, Black = 69%. . Sensor Board Error (Ke4/e5)?} 1-0